1878 1772 1928 1187 1307 1643 1367 1154 1697 1584 1010 1632 1774 1314 1506 1783 1412 1483 1220 1972 1084 1094 1266 1973 1309 2000 1932 1436 1604 1384 1081 1494 1721 1834 1647 1469 1419 1184 1811 1649 1712 1440 1279 1349 1627 1994 1900 1202 1465 1561 1841 1844 1593 1946 1183 1524 1243 1539 1839 1406 1621 1173 1888 1140 1412 1464 1731 1513 1336 1727 1053 1415 1213 1820 1843 1518 1625 1985 1067 1864 1826 1732 1637 1880 1704 1491 1857 1054 1861 1121 1099 1166 1331 1236 1276 1877 1428 1658 1854 BCNSPRNW ULIB Ver.6.0+V

เปลี่ยนเป็นภาษาไทย

Change to English
 แสดงรายละเอียดบรรณานุกรม
  กลับหน้าหลัก

Brief Record : Get Marc (ISO 2709) : E-mail record : QR code < ปิดหน้าต่าง
LEADER : 00000nam 2200000uu 4500
001    13399109560
003     ULIB
008    110405s||||||||th 000 0 tha d
020    9789749901298
060 04 WR100^bพ718ย 2551
100 0  พิมพ์มาดา
245 10 ยุทธการเปลี่ยนผิวให้ขาวใส /^cพิมพ์มาดา
250    พิมพ์ครั้งที่ 1
260    กรุงเทพฯ :^bบุ๊คส์ ทู ยู,^c2551
300    21 หน้า :^bภาพประกอบ ;^c21 ซม.
650  7 ผิวหนัง^xการดูแลและสุขวิทยา
650  7 ใบหน้า^xการดูแลและสุขวิทยา
650  7 ความงาม
945    ^p140^l0^i18119
995    เกษร
999 ^a ใช้งานได้ทุกระบบ
รายการนี้ยังไม่มีแท็ก
คุณยังไม่ได้ล็อกอิน คุณสามารถมีกิจกรรมร่วมกับเว็บไซต์ได้ แต่ต้องล็อกอินก่อน ::
  ล็อกอิน

รายการสื่อสารสนเทศ

ลำดับที่ ประเภท เลขเรียก/บาร์โค้ด สถานที่ สถานะ
- ไม่พบข้อมูล -

รายการใกล้เคียง
    ผู้แต่ง [พิมพ์มาดา]

    หัวเรื่อง [ความงาม]

BibComment


ยังไม่เคยถูกคอมเมนท์

คอมเมนท์ทรัพยากรรายการนี้
  คอมเมนท์: ยุทธการเปลี่ยนผิว..


 Copyright 2026. Bcnsprnw @Library